The Transformation of Work (Record no. 2953)

MARC details
000 -LEADER
fixed length control field 00320nam a22001337a 4500
008 - FIXED-LENGTH DATA ELEMENTS--GENERAL INFORMATION
fixed length control field 250411b |||||||| |||| 00| 0 eng d
020 ## - INTERNATIONAL STANDARD BOOK NUMBER
ISBN 0044453566
100 ## - MAIN ENTRY--AUTHOR
Author WOOD Stephen
245 ## - TITLE STATEMENT
Title The Transformation of Work
260 ## - PUBLICATION, DISTRIBUTION, ETC. (IMPRINT)
Place of publication USA.
Name of publisher Unwin Hyman
Date of publication 1989
300 ## - COLLATION
Pagination xvi, 365p.
942 ## - ADDED ENTRY ELEMENTS (KOHA)
Item type Books
050 ## - LIBRARY OF CONGRESS CALL NUMBER
Classification number HD6331
Item number .T73
Holdings
Source of classification or shelving scheme Not for loan Permanent location Current location Date acquired Accession No. Full call number Barcode. Koha item type
Library of Congress Classification   Samuel Ogbemudia Main Library, University of Abuja Samuel Ogbemudia Main Library, University of Abuja 04/11/2025 91/002064 HD6331.T73 2025-1309 Books